Times Square : celebrating the new millennium /

Bibliographic Details
Main Author: Scianna, Cosimo
Other Authors: Finke, Gail Deibler, 1964-
Format: Book
Language:English
Published: New York : Madison Square Press : [1999]
Subjects:

MARC

Tag First Indicator Second Indicator Subfields
LEADER 00000cam a2200000Ia 4500
001 in00001520721
005 20151021165621.0
008 000211s1999 nyua 000 0 eng d
010 |a  98065647  
020 |a 0823069559 
035 |a (OCoLC)42958203 
040 |a ILU  |c ILU  |d BUF  |d TXA  |d UtOrBLW 
043 |a n-us-ny 
049 |a TXAM 
050 4 |a F128.65.T5  |b S35 1999 
100 1 |a Scianna, Cosimo. 
245 1 0 |a Times Square :  |b celebrating the new millennium /  |c by Cosimo Scianna ; [with text by Gail Deibler Finke]. 
264 1 |a New York :  |b Madison Square Press :  |c [1999] 
264 2 |a New York :  |b Distributed in the U.S. and Canada by Watson/Guptill, 
264 4 |c ©1999 
300 |a 187 pages :  |b chiefly color illustrations ;  |c 29 cm. 
336 |a text  |b txt  |2 rdacontent 
337 |a unmediated  |b n  |2 rdamedia 
338 |a volume  |b nc  |2 rdacarrier 
505 0 |a Official All Star Cafe -- Stardust Dine-O-Mat -- Disney -- X-S -- Time Warner Store -- Times Square Brewery -- Theater District -- Sardi's -- Ford Center -- Marriott Marquis -- Restaurant Row -- John's Pizzeria -- Music Row -- Sweet Factory -- Coffee shops -- Leo Lindy's -- Mars 2112 -- Playwright Restaurant -- MTV -- Casablanca Hotel -- Daily Soup -- Virgin Mega Store -- Millennium Broadway -- China Club -- Carmine's -- Visitors Center -- Signs of Times Square -- Spectacolor -- Artkraft Strauss. 
651 0 |a Times Square (New York, N.Y.)  |v Pictorial works. 
651 0 |a New York (N.Y.)  |v Pictorial works. 
700 1 |a Finke, Gail Deibler,  |d 1964- 
994 |a E0  |b TXA 
948 |a cataloged  |b h  |c 2000/2/11  |d c  |e eneff  |f 10:36:43 am 
999 |a MARS 
999 f f |s fcb5f6a4-e2b8-3a92-b4b4-8080bee17756  |i 45b9d148-ccbe-3a69-bc6a-781196141cab  |t 0 
952 f f |p ric  |a Texas A&M University  |b Rellis Campus  |c Joint Library Facility  |d Remote Storage  |t 0  |e F128.65.T5 S35 1999  |h Library of Congress classification  |i unmediated -- volume  |m A14825758510 
998 f f |a F128.65.T5 S35 1999  |t 0  |l Remote Storage